How to succeed in family living, (Record no. 5237)

MARC details
000 -LEADER
fixed length control field 00717cam a2200265I 4500
001 - CONTROL NUMBER
control field 24300
003 - CONTROL NUMBER IDENTIFIER
control field GBCCL
005 - DATE AND TIME OF LATEST TRANSACTION
control field 20241126110536.0
008 - FIXED-LENGTH DATA ELEMENTS--GENERAL INFORMATION
fixed length control field 750618s1968 xx 000 0 eng u
010 ## -
-- 67031425
020 ## - INTERNATIONAL STANDARD BOOK NUMBER
International Standard Book Number 0830700242
035 ## - SYSTEM CONTROL NUMBER
System control number (OCoLC)01398274
040 ## - CATALOGING SOURCE
Transcribing agency ITD
049 ## -
-- LBBK
-- LBBA
050 0# -
-- HQ734
-- .N28
082 0# - DEWEY DECIMAL CLASSIFICATION NUMBER
Classification number 249
-- 261.8'3
Item number NAR
092 ## - LOCALLY ASSIGNED DEWEY CALL NUMBER (OCLC)
Classification number 301.42
Item number N234hs
100 1# - MAIN ENTRY--PERSONAL NAME
Personal name Narramore, Clyde M.
Fuller form of name (Clyde Maurice),
Dates associated with a name 1916-
9 (RLIN) 7042
245 10 - TITLE STATEMENT
Title How to succeed in family living,
Statement of responsibility, etc. by Clyde M. Narramore.
260 ## - PUBLICATION, DISTRIBUTION, ETC.
Place of publication, distribution, etc. Glendale, Calif.,
Name of publisher, distributor, etc. G/L Regal Books
Date of publication, distribution, etc. [1968]
300 ## - PHYSICAL DESCRIPTION
Extent 119 p.
Dimensions 18 cm.
650 #0 - SUBJECT ADDED ENTRY--TOPICAL TERM
Topical term or geographic name entry element Family.
9 (RLIN) 6419
740 0# -
-- Family living.
942 ## - ADDED ENTRY ELEMENTS (KOHA)
Source of classification or shelving scheme Dewey Decimal Classification
Koha item type Books
Koha issues (borrowed), all copies 12
Holdings
Withdrawn status Lost status Source of classification or shelving scheme Damaged status Not for loan Home library Current Library Shelving location Date acquired Total checkouts Total renewals Full call number Barcode Date last seen Date last checked out Copy number Price effective from Koha item type
    Dewey Decimal Classification     GRACE BIBLE COLLEGE GRACE BIBLE COLLEGE Ministry & Mission 2018-03-06 12 2 249 NAR 009047 2025-05-01 2024-09-10 c.1 2018-03-06 Books
© Grace Bible College Library 2025